Séries TV sans voyelles #1 - Statistiques

Statistiques générales
  • Ce quiz a été pris 173 fois
  • Le résultat moyen est 17 sur 20
Statistiques - réponses
Indices Réponses % Correct
STRNGR THNGS Stranger Things
99%
VKNGS Vikings
98%
BRKNG BD Breaking Bad
97%
GSSP GRL Gossip Girl
97%
TH BG BNG THR The Big Bang Theory
97%
SMLLVLL Smallville
93%
DCTR WH Doctor Who
90%
L PTT MSN DNS L PRR La Petite Maison dans la prairie
90%
SPRTS CRMNLS Esprits criminels
88%
L PRNC D BL-R Le Prince de Bel-Air
88%
L CHRNQ DS BRDGRTN La Chronique des Bridgerton
84%
MRCRD Mercredi
83%
GR'S NTM Grey's Anatomy
82%
L CS D PPL La casa de papel
82%
LCFR Lucifer
79%
X-FLS X-Files
75%
WLKR, TXS RNGR Walker, Texas Ranger
72%
HS F CRDS House of Cards
63%
L J D L DM Le Jeu de la dame
61%
TH MNDLRN The Mandalorian
61%
Aucun quiz correspondant
Distribution des résultats
% des personnes avec chaque résultat
Percentile par nombre de réponses
Votre historique - résultats
Vous n’avez pas pris ce quiz